Online
Catalog

Collected short stories / (Record no. 1498)

MARC details
000 -CABECERA
campo de control de longitud fija 00621cam a2200193 a 4500
001 - NÚMERO DE CONTROL
campo de control 000001604
005 - FECHA Y HORA DE LA ÚLTIMA TRANSACCIÓN
campo de control 20200929145632.0
008 - DATOS DE LONGITUD FIJA--INFORMACIÓN GENERAL
campo de control de longitud fija 780209s1976 enk 001 1 eng
040 ## - FUENTE DE LA CATALOGACIÓN
Centro catalogador/agencia de origen DO-SdBNP
Lengua de catalogación spa
Centro/agencia transcriptor BNPHU
082 ## - NÚMERO DE LA CLASIFICACIÓN DECIMAL DEWEY
Número de clasificación 823.08
Número de documento/Ítem M449s
100 1# - ENTRADA PRINCIPAL--NOMBRE DE PERSONA
Nombre de persona Maugham, W. Somerset
Forma completa/desarrollada del nombre (William Somerset),
Fechas asociadas al nombre 1874-1965.
9 (RLIN) 5255
245 10 - MENCIÓN DE TÍTULO
Título Collected short stories /
Mención de responsabilidad, etc. W. Somerset Maugham.
260 ## - PUBLICACIÓN, DISTRIBUCIÓN, ETC.
Lugar de publicación, distribución, etc. Londres :
Nombre del editor, distribuidor, etc. Penguin Books,
Fecha de publicación, distribución, etc. 1976-.
300 ## - DESCRIPCIÓN FÍSICA
Extensión v. ;
Dimensiones 18 cm.
490 1# - MENCIÓN DE SERIE
Mención de serie A pequin book
505 0# - NOTA DE CONTENIDO CON FORMATO
Nota de contenido con formato v. 4 : Collected short stories
650 #4 - PUNTO DE ACCESO ADICIONAL DE MATERIA--TÉRMINO DE MATERIA
Término de materia o nombre geográfico como elemento de entrada Británicos
Subdivisión geográfica Paises Extranjeros
Subdivisión de forma NOVELA
9 (RLIN) 5256
830 #0 - PUNTO DE ACCESO ADICIONAL DE SERIE-TÍTULO UNIFORME
Título uniforme A pequin book
Número de parte o sección de la obra 6
9 (RLIN) 5257
Holdings
Estado de retiro Estado de pérdida Restricciones de uso No para préstamo Código de colección Localización permanente Ubicación/localización actual Ubicación en estantería Fecha de adquisición Número de inventario Total de préstamos Signatura topográfica completa Código de barras Fecha visto por última vez Precio válido a partir de Tipo de ítem Koha Número de copia
      Excluido de préstamo Monografías: Libros y Folletos General General Depósito 22.09.2009 LF1   823.08 M449s 1604-10 25.06.2020 25.06.2020 No se presta  
      Excluido de préstamo Monografías: Libros y Folletos General General Depósito 05.06.2017 LF1   823.08 M449s 1604-20 25.06.2020 25.06.2020 No se presta e. 2

Powered by Koha